El sistema métrico-rítmico de la antigua versificación castellana (Registro nro. 30096)

Detalles MARC
000 -LEADER
campo de control de longitud fija 00729nam a2200169 i 4500
001 - NÚMERO DE CONTROL
campo de control 30096
003 - IDENTIFICADOR DE NÚMERO DE CONTROL
campo de control ES-MaACL
005 - FECHA Y HORA DE LA ÚLTIMA TRANSACCIÓN
campo de control 20230906154134.0
007 - CAMPO FIJO DE DESCRIPCIÓN FÍSICA--INFORMACIÓN GENERAL
campo de control de longitud fija t|
008 - DATOS DE LONGITUD FIJA--INFORMACIÓN GENERAL
campo de control de longitud fija 030123s1897 cl ||||1| spa d
100 1# - ENTRADA PRINCIPAL--NOMBRE DE PERSONA
Nombre de persona Barra, Eduardo de la.
9 (RLIN) 25804
245 13 - MENCIÓN DEL TÍTULO
Título El sistema métrico-rítmico de la antigua versificación castellana
Resto del título : estudio dedicado al dr. d. Adolfo Murillo, presidente del V Congreso Científico de Chile /
Mención de responsabilidad, etc. por Eduardo de la Barra.
260 ## - PUBLICACIÓN, DISTRIBUCIÓN, ETC.
Lugar de publicación, distribución, etc. Santiago de Chile :
Nombre del editor, distribuidor, etc. [s.n.],
Fecha de publicación, distribución, etc. 1897 (
Fabricante Imprenta Cervantes)
300 ## - DESCRIPCIÓN FÍSICA
Extensión 21 p. ;
Dimensiones 25 cm.
650 #4 - PUNTO DE ACCESO ADICIONAL DE MATERIA--TÉRMINO DE MATERIA
Término de materia o nombre geográfico como elemento de entrada Lengua española-
Subdivisión general Versificación.
9 (RLIN) 147950
852 ## - LOCALIZACIÓN
Ubicación ES-MaACL
Número de control de estantería T-837-F-4
Nota libre .- Enc. en un vol. facticio conservando la enc. original
-- .- Ded. ms. del autor
Existencias
Estatus retirado Estado de pérdida Estado de daño No para préstamo Colección Biblioteca de origen Biblioteca actual Ubicación en estantería Fecha de adquisición Fuente de adquisición Total de préstamos Signatura topográfica completa Código de barras Visto por última vez Precio de reemplazo Tipo de ítem Koha
        Colección de folletos Biblioteca del Ateneo de Madrid Biblioteca del Ateneo de Madrid Depósito folletos 17/01/2008     T-837-F-4 1031071 23/02/2023 23/02/2023 Folleto